Le droit de grève (Record no. 178984)

MARC details
000 -LEADER
campo de control de longitud fija 00809nam a2200217 i 4500
001 - NÚMERO DE CONTROL
campo de control 178984
003 - IDENTIFICADOR DE NÚMERO DE CONTROL
campo de control ES-MaACL
005 - FECHA Y HORA DE LA ÚLTIMA TRANSACCIÓN
campo de control 20250808091543.0
008 - DATOS DE LONGITUD FIJA--INFORMACIÓN GENERAL
campo de control de longitud fija 110817s1909 fr |||| | fre d
245 00 - MENCIÓN DEL TÍTULO
Título Le droit de grève
Resto del título : leçons professées à l'Ecole des Hautes études sociales /
Mención de responsabilidad, etc. par MM. Ch. Gide, H. Berthélemy, P. Bureau...[et al.].
260 ## - PUBLICACIÓN, DISTRIBUCIÓN, ETC.
Lugar de publicación, distribución, etc. Paris :
Nombre del editor, distribuidor, etc. Félix Alcan,
Fecha de publicación, distribución, etc. 1909.
300 ## - DESCRIPCIÓN FÍSICA
Extensión X, 270 p. ;
Dimensiones 22 cm.
490 1# - MENCIÓN DE SERIE
Mención de serie Bibliothèque générale des sciences sociales ;
Designación de volumen o secuencia 31
650 #7 - PUNTO DE ACCESO ADICIONAL DE MATERIA--TÉRMINO DE MATERIA
Término de materia o nombre geográfico como elemento de entrada Derecho de huelga
Fuente del encabezamiento o término embne
9 (RLIN) 147624
700 1# - ENTRADA AGREGADA--NOMBRE PERSONAL
Nombre de persona Gide, Charles.
9 (RLIN) 56675
700 0# - ENTRADA AGREGADA--NOMBRE PERSONAL
Nombre de persona Berthélemy, Henry.
9 (RLIN) 28440
700 0# - ENTRADA AGREGADA--NOMBRE PERSONAL
Nombre de persona Bureau, Paul.
9 (RLIN) 32600
830 00 - PUNTO DE ACCESO ADICIONAL DE SERIE-TÍTULO UNIFORME
Título uniforme Bibliothèque générale des sciences sociales
Designación de volumen o secuencia 31
9 (RLIN) 187778
852 ## - LOCALIZACIÓN
Ubicación ES-MaACL
Número de control de estantería C-23111
Holdings
Estatus retirado Estado de pérdida Estado de daño No para préstamo Biblioteca de origen Biblioteca actual Ubicación en estantería Fecha de adquisición Fuente de adquisición Total de préstamos Signatura topográfica completa Código de barras Visto por última vez Precio de reemplazo Tipo de ítem Koha
        Biblioteca del Ateneo de Madrid Biblioteca del Ateneo de Madrid Depósito 2 17/08/2011     C-23111 1188011 23/02/2023 23/02/2023 Libro impreso